Unlucky in Law (Record no. 50382)

000 -LEADER
fixed length control field 00371nam a2200145Ia 4500
008 - FIXED-LENGTH DATA ELEMENTS--GENERAL INFORMATION
fixed length control field 251230s9999 xx 000 0 und d
020 ## - INTERNATIONAL STANDARD BOOK NUMBER
International Standard Book Number 0440240883
082 ## - DEWEY DECIMAL CLASSIFICATION NUMBER
Classification number 820
Item number SHA/U
100 ## - MAIN ENTRY--PERSONAL NAME
Personal name Shaughnessy, Perri O
245 #0 - TITLE STATEMENT
Title Unlucky in Law
250 ## - EDITION STATEMENT
Edition statement 1st Edition
260 ## - PUBLICATION, DISTRIBUTION, ETC.
Place of publication, distribution, etc. New York
Name of publisher, distributor, etc. A Dell Book
Date of publication, distribution, etc. 2005
300 ## - PHYSICAL DESCRIPTION
Extent 427p.
942 ## - ADDED ENTRY ELEMENTS (KOHA)
-- Muit Old Books
Koha item type
Holdings
Withdrawn status Lost status Damaged status Not for loan Collection code Permanent Location Current Location Date acquired Cost, normal purchase price Total Checkouts Full call number Barcode Checked out Date last seen Date last checked out Price effective from Koha item type
        School of Journalism (Noida) MUIT-NOIDA MUIT-NOIDA 2025-12-30 450.00 1 820 SHA/U SOJ00207 2026-03-09 2026-03-09 2026-03-09 2025-12-30  

All Rights Reserved@MUIT

Powered by Koha